000 nam a22 7a 4500
999 _c7694
_d7694
008 170928b xxu||||| |||| 00| 0 eng d
100 _94181
_aUppal.etal
245 _aPhysical Education & health-XII
260 _aNew Delhi
_bFriends
_c2009